000 00610cab a2200217 4500
001 WB3426-20
008 090401t1998 xxu||||| |||| 00| 0 eng d
035 _a(Sirsi) u87293
041 _aeng
245 _aGuide issued
260 _c1998
350 _a0
490 _aFinancial Times
_v7 July 1998, 10(1)
520 _aPrivate sector employers have welcomed new government guidelines on contracting out and privatising public services.
650 _aCONTRACTING OUT
650 _aPRIVATE SECTOR
650 _aPUBLIC SERVICES
690 _aECONOMIC AND SOCIAL
942 _n0
948 _c08/07/1998
999 _c55051
_d55051